L'Espluga íntima : antologia d'autors espluguencs antologia d'autors espluguencs
Descripción Física:
141 p. ; 23 cm
MARC
| LEADER | 00000nam a2200000Ia 4500 | ||
|---|---|---|---|
| 001 | 8738 | ||
| 008 | 160829s1973 xx 000 0 cat d | ||
| 080 | |a L-1-67 | ||
| 245 | |a L'Espluga íntima : |b antologia d'autors espluguencs | ||
| 260 | |a Barcelona : |b Diputació Provincial ; Esplugues : |b Ajuntament, |c 1973 | ||
| 300 | |a 141 p. ; |c 23 cm | ||
| 590 | |a Edició commemorativa del 25 aniversari de la biblioteca Popular 'P. Miquel d'Esplugues' | ||
| 710 | 1 | |a Barcelona (Catalunya : Província). |b Diputació |9 52408 | |
| 710 | |a Esplugues de Llobregat (Catalunya). |b Ajuntament |9 55263 | ||
| 901 | |a Arxiu | ||
| 942 | |n 1 | ||
| 952 | |0 0 |1 0 |4 0 |6 L167 |7 1 |9 44471 |a Arxiu |b Arxiu |d 2016-12-01 |l 0 |o L-1-67 |p 8738 |r 2016-12-01 00:00:00 |w 2016-12-01 |y ARXIU | ||
| 999 | |c 47052 |d 47052 | ||